| 000 | 00712cam a22002297a 4500 | ||
|---|---|---|---|
| 020 |
_a042506803X : _c$4.50 |
||
| 082 | 0 | 0 | _a823.912 |
| 100 | 1 |
_aChristie, Agatha, _d1890-1976. |
|
| 245 | 1 | 0 |
_aTaken at the flood / _cAgatha Christie. |
| 250 | _aBerkley ed. | ||
| 260 |
_aLondon _bHarper Collins _c1993 |
||
| 300 |
_a220 p. ; _c18 cm. |
||
| 710 | 2 | _911358 | |
| 710 | 2 | _91743 | |
| 942 |
_2ddc _cBK |
||
| 999 |
_c586260 _d586260 |
||